| 000 | 00622nam a22002057a 4500 | ||
|---|---|---|---|
| 003 | BD-ChCU | ||
| 005 | 20251111092235.0 | ||
| 008 | 251111b usa ||||| |||| 00| 0 eng d | ||
| 020 | _a9780367242022 | ||
| 040 | _cBD-ChCU | ||
| 082 | _a362.88082 C928 | ||
| 100 |
_aJohnson, Holly _915885 |
||
| 245 |
_aCritical issues on violence against : International perspective and promising strategies / _c edited by Holly Johnson |
||
| 250 | _a1ed | ||
| 260 |
_aNew York: _bRoutledge, _cc2015 |
||
| 300 | _a267p. | ||
| 650 | 0 |
_aWomen- Crimes against, _915888 |
|
| 700 |
_aJohnson, Holly _eEditor. _915890 |
||
| 942 |
_2ddc _cBK _n0 |
||
| 999 |
_c109290 _d109290 |
||